Project Sekai Focus Songs - Statistics

General Stats
  • This quiz has been taken 262 times
    217 since last reset
  • The average score is 48 of 103
Answer Stats
Event Song % Correct
Shiho1 「1」
76%
Mizuki1 IDSMILE
74%
Toya1 RAD DOGS
73%
Mizuki5 Bake no Hana
72%
Saki1 Stella
71%
Tsukasa1 Tondemo-Wonderz
71%
Akito1 Cinema
68%
Mafuyu1 Jackpot Sad Girl
68%
Airi1 More! Jump! More!
68%
Rui2 Showtime Ruler
67%
Kohane1 Beat Eater
65%
Mafuyu3 bug
65%
Kanade5 DNA
64%
Mafuyu5 Empurple
62%
Shiho2 Peaky Peaky
62%
Akito5 Fuel
60%
Kohane5 ULTRA-C
60%
Rui1 Becoming Potatoes
59%
Tsukasa2 Eighty Eight Shooting Stars
59%
Ena2 Nomad
59%
Minori1 Angel's Clover
58%
Mizuki4 kitty
58%
Honami4 Regulus
58%
Airi4 The Peachy Key
58%
Shizuku1 Color of Drops
56%
Haruka2 IF
56%
Ena3 I Nandesu
56%
Tsukasa3 Mr. Showtime
56%
Saki3 Tera Tera
56%
Toya4 blender
55%
Ena1 Close to Grey
55%
Akito4 CRaZY
54%
Haruka5 Anti-You
53%
Rui4 CYBERPUNK DEAD BOY
53%
Akito3 Kashika
53%
Mafuyu4 Engeki
51%
An1 Forward
51%
Akito2 Moonlight
51%
Airi5 Killer!
50%
Emu1 Once Upon a Dream
50%
Mafuyu2 Reborn
50%
Kanade3 Samsa
50%
Honami2 Stage of SEKAI
50%
Haruka4 Supernova
50%
Emu4 Kirapipi Kirapika
49%
Mizuki2 Lower One's Eye's
49%
Ichika3 the WALL
49%
An2 Awake Now
47%
Kohane2 Flyer!
47%
Airi2 Ice Drop
47%
Airi3 Parasol Cider
47%
Nene4 Coral
46%
Saki2 From Tokyo
46%
Toya3 Hollow
46%
Ena4 I'm the rain
46%
Kohane3 One-Sheep
46%
An3 City
45%
Mafuyu6 Mrs. Nothingness
45%
Ichika1 Pulse of the Meteor
45%
Saki5 Suresure
45%
Kanade1 Kanadetomosusora
44%
Kanade4 Passion at 25:00
44%
Nene3 Starry Sky Melody
44%
Tsukasa4 Filament Fever
42%
Minori3 DREAM PLACE
41%
Toya5 HAVEN
41%
Ichika2 Made to Order
41%
Toya2 Mirai
41%
Nene2 Glory Steady Go!
40%
Mizuki3 Kimi no Yoru wo Kure
40%
Shizuku2 Metamo Re:born
40%
Emu2 Theme of Niccori Survey Team
40%
Kanade2 Tricologe
40%
Shiho3 Voices
40%
Honami3 Flyway
38%
Shizuku4 Hug
38%
Haruka1 Love Material
38%
Nene5 Boku no Kamisama
37%
Emu3 Hoshizora Orchestra
37%
Haruka3 Float Planner
36%
Minori2 Worldwide Wander
36%
Minori5 JUMPIN' OVER
35%
Nene1 NIJIRO STORIES
35%
Shiho4 purpose
35%
Kohane4 Realize
35%
An5 Rekka
35%
Honami1 Awaiting Clear Skies
33%
Emu5 Opera! Space Opera!
33%
Tsukasa5 Seibai ItaAAAAAsu!
33%
Rui3 What Sort Of Ending Are You Wishing For?
33%
Emu6 All Save Challenge
32%
An4 Gekokujou
32%
Minori4 Teammate
32%
Shizuku3 We Are
29%
Saki4 Aioi
28%
Airi6 Eleventh
28%
Ena5 Yoka ni Mitorete
28%
Shiho5 Sympathy
24%
Ichika4 Hoshi Wo Tsunagu
21%
Shizuku5 Hashiru! Tooku! Todoku!
15%
Ichika5 Still, We Never Stop Singing
13%
Saki6 Sono Oto ga Naru Nara
10%
Kohane6 Ray Light Song
1%
No matching quizzes found
Score Distribution
Percent of People with Each Score
Percentile by Number Answered
Your Score History
You have not taken this quiz since the last reset